Political ideologies : (Record no. 10312)
[ view plain ]
| 000 -LEADER | |
|---|---|
| fixed length control field | 01412cam a22003734a 4500 |
| 001 - CONTROL NUMBER | |
| control field | 13110472 |
| 005 - DATE AND TIME OF LATEST TRANSACTION | |
| control field | 20201128013447.0 |
| 008 - FIXED-LENGTH DATA ELEMENTS--GENERAL INFORMATION | |
| fixed length control field | 030304s2007 nyu | b 001 0 eng |
| 010 ## - LIBRARY OF CONGRESS CONTROL NUMBER | |
| LC control number | 2003040532 |
| 020 ## - INTERNATIONAL STANDARD BOOK NUMBER | |
| International Standard Book Number | 0230521800 |
| 020 ## - INTERNATIONAL STANDARD BOOK NUMBER | |
| International Standard Book Number | 9780230521803 (pbk.) |
| 020 ## - INTERNATIONAL STANDARD BOOK NUMBER | |
| International Standard Book Number | 0230521797 (pbk.) |
| 020 ## - INTERNATIONAL STANDARD BOOK NUMBER | |
| International Standard Book Number | 9780230521797 (pbk.) |
| 040 ## - CATALOGING SOURCE | |
| Original cataloging agency | DLC |
| Transcribing agency | DLC |
| Modifying agency | DLC |
| 042 ## - AUTHENTICATION CODE | |
| Authentication code | pcc |
| 050 00 - LIBRARY OF CONGRESS CALL NUMBER | |
| Classification number | JA71 |
| Item number | .H49 2003 |
| 082 00 - DEWEY DECIMAL CLASSIFICATION NUMBER | |
| Classification number | 320.5 |
| Edition number | 21 |
| Item number | HEY |
| 100 1# - MAIN ENTRY--PERSONAL NAME | |
| Personal name | Heywood, Andrew. |
| 9 (RLIN) | 1312 |
| 245 10 - TITLE STATEMENT | |
| Title | Political ideologies : |
| Remainder of title | an introduction / |
| Statement of responsibility, etc | Andrew Heywood. |
| 250 ## - EDITION STATEMENT | |
| Edition statement | 4th ed. |
| 260 ## - PUBLICATION, DISTRIBUTION, ETC. (IMPRINT) | |
| Place of publication, distribution, etc | New York : |
| Name of publisher, distributor, etc | Palgrave Macmillan, |
| Date of publication, distribution, etc | c2007. |
| 260 ## - PUBLICATION, DISTRIBUTION, ETC. (IMPRINT) | |
| Name of publisher, distributor, etc | Distributer: Bacca. |
| 300 ## - PHYSICAL DESCRIPTION | |
| Extent | xviii, 365 p. ; |
| Dimensions | 24 cm. |
| 504 ## - BIBLIOGRAPHY, ETC. NOTE | |
| Bibliography, etc | Includes bibliographical references and index. |
| 650 #0 - SUBJECT ADDED ENTRY--TOPICAL TERM | |
| Topical term or geographic name as entry element | Political science. |
| 9 (RLIN) | 1313 |
| Source of heading or term | BUEsh |
| 650 #0 - SUBJECT ADDED ENTRY--TOPICAL TERM | |
| Topical term or geographic name as entry element | Ideology. |
| 9 (RLIN) | 1315 |
| Source of heading or term | BUEsh |
| 651 ## - SUBJECT ADDED ENTRY--GEOGRAPHIC NAME | |
| Source of heading or term | BUEsh |
| 650 #0 - SUBJECT ADDED ENTRY--TOPICAL TERM | |
| 9 (RLIN) | 1314 |
| Topical term or geographic name as entry element | Right and left (Political science) |
| Source of heading or term | BUEsh |
| 856 42 - ELECTRONIC LOCATION AND ACCESS | |
| Materials specified | Contributor biographical information |
| Uniform Resource Identifier | <a href="http://www.loc.gov/catdir/bios/hol052/2003040532.html">http://www.loc.gov/catdir/bios/hol052/2003040532.html</a> |
| 856 42 - ELECTRONIC LOCATION AND ACCESS | |
| Materials specified | Publisher description |
| Uniform Resource Identifier | <a href="http://www.loc.gov/catdir/description/hol032/2003040532.html">http://www.loc.gov/catdir/description/hol032/2003040532.html</a> |
| 856 41 - ELECTRONIC LOCATION AND ACCESS | |
| Materials specified | Table of contents |
| Uniform Resource Identifier | <a href="http://www.loc.gov/catdir/toc/hol031/2003040532.html">http://www.loc.gov/catdir/toc/hol031/2003040532.html</a> |
| 942 ## - ADDED ENTRY ELEMENTS (KOHA) | |
| Source of classification or shelving scheme | Dewey Decimal Classification |
| Item type | Book - Borrowing |
| Withdrawn status | Item status | Source of classification or shelving scheme | Damaged status | Not for loan | Home library | Current library | Shelving location | Date acquired | Source of acquisition | Total Checkouts | Total Renewals | Full call number | Barcode | Date last seen | Date last borrowed | Cost, replacement price | Koha item type | Materials specified (bound volume or other part) |
|---|---|---|---|---|---|---|---|---|---|---|---|---|---|---|---|---|---|---|
| Lost and Paid For | Dewey Decimal Classification | Central Library | Central Library | First floor | 23/11/2008 | Purchase | 22 | 33 | 320.5 HEY | 000014255 | 29/09/2021 | 29/09/2021 | 960.00 | Book - Borrowing | ||||
| Dewey Decimal Classification | Central Library | Central Library | First floor | 23/11/2008 | Purchase | 25 | 44 | 320.5 HEY | 000014256 | 15/07/2025 | 01/10/2015 | 180.00 | NB - Book (Non borrowing) | |||||
| Dewey Decimal Classification | Central Library | Central Library | First floor | 23/11/2008 | Purchase | 44 | 105 | 320.5 HEY | 000014257 | 15/07/2025 | 18/10/2021 | 180.00 | Book - Borrowing | |||||
| Lost | Dewey Decimal Classification | Central Library | Central Library | First floor | 23/11/2008 | Purchase | 12 | 26 | 320.5 HEY | 000014258 | 08/11/2012 | 01/10/2012 | 180.00 | Book - Borrowing | Lost In Inventory_2005-2015/8/22 | |||
| Lost | Dewey Decimal Classification | Central Library | Central Library | First floor | 23/11/2008 | Purchase | 320.5 HEY | 000014259 | 23/11/2008 | 180.00 | NB - Book (Non borrowing) | Lost In Inventory_2005-2015/8/22 |